000 00290nam a22001337a 4500
008 181218b xxu||||| |||| 00| 0 eng d
020 _a053435159
041 _aeng
080 _26th
_a510
100 _a36
101 _aMAT
245 _aCollege Algebra
_cGustafson, R.D
942 _2udc
_cBK
999 _c53461
_d53461